00567nai a2200157Ia 4500003000900000008004100009022002300050022002200073040001600095245007300111260003400184310001200218362002600230521006900256856008400325IN-BaIIA211028c9999 xx s 000 0 eng d a1460-2695 (Online) a8756-758X (Print) cIIA Library 0aFatigue & Fracture of Engineering Materials & Structuresh[eJournal] aNew JerseybJohn Wiley & Sons aMonthly a20(1); 1997 - Present bSubscribed through National Knowledge Resource Consortium (NKRC) uhttps://onlinelibrary.wiley.com/journal/14602695yClick Here to Access eJournal